[Event "Challenge"]
[Site "http://www.queenalice.com/game.php?id=831471"]
[Date "2010.9.11"]
[Round "-"]
[White "crawfb5"]
[Black "Bogs"]
[Result "1-0"]
[WhiteElo "2227"]
[BlackElo "1949"]

1. e4 d6 2. d4 Nf6 3. Nc3 g6 4. Be3 Bg7 5. Qd2 c6 6. h3 O-O 7. f4 Qa5 8. Nf3 b5
9. Bd3 b4 10. Ne2 Bb7 11. O-O c5 12. Ng3 d5 13. e5 Ne4 14. Bxe4 dxe4 15. Ng5 Rd8
16. N5xe4 cxd4 17. Bf2 Nc6 18. Be1 Ba6 19. Rf3 Qd5 20. Nf2 Rab8 21. Nd3 Re8 22.
Ne2 f6 23. e6 Qxe6 24. f5 gxf5 25. Nef4 Qf7 26. Nc5 Bc8 27. Ne2 1-0

[Event "Challenge"]
[Site "http://www.queenalice.com/game.php?id=831472"]
[Date "2010.9.11"]
[Round "-"]
[White "Soulpower74"]
[Black "Bogs"]
[Result "0-1"]
[WhiteElo "2143"]
[BlackElo "1812"]

1. d4 Nf6 2. c4 g6 3. Nc3 Bg7 4. g3 O-O 5. Bg2 d6 6. e4 e5 7. d5 c6 8. Nge2 cxd5
9. Nxd5 Nxd5 10. cxd5 f5 11. Bd2 fxe4 12. Bxe4 Qb6 13. O-O Qxb2 14. Be3 Na6 15.
Qd3 Bg4 16. f3 Bxf3 17. Bxf3 Rxf3 18. Rxf3 Qxa1+ 19. Rf1 Qxa2 20. Qb5 Nc7 0-1

[Event "Challenge"]
[Site "http://www.queenalice.com/game.php?id=832572"]
[Date "2010.9.14"]
[Round "-"]
[White "Bogs"]
[Black "pviaro"]
[Result "1-0"]
[WhiteElo "1974"]
[BlackElo "2098"]

1. d4 d5 2. Nf3 Nf6 3. c4 c6 4. Nc3 dxc4 5. a4 b5 6. e3 a6 7. axb5 cxb5 8. Nxb5
Qb6 9. Na3 Qb4+ 10. Nd2 c3 11. Nb5 cxd2+ 12. Bxd2 Qxb2 13. Nc7+ Kd7 14. Nxa8 Qb7
15. Qa4+ Nc6 16. Qxa6 Qxa6 17. Bxa6 Bxa6 18. Rxa6 e6 19. Ke2 Nd5 20. Rc1 Ndb4
21. Nb6+ Ke7 22. Bxb4+ Nxb4 23. Ra7+ Kf6 24. Nd7+ 1-0

[Event "Challenge"]
[Site "http://www.queenalice.com/game.php?id=834320"]
[Date "2010.9.17"]
[Round "-"]
[White "bacana"]
[Black "Bogs"]
[Result "0-1"]
[WhiteElo "2051"]
[BlackElo "1879"]

1. d4 Nf6 2. c4 g6 3. Nc3 d6 4. e4 Bg7 5. Bd3 O-O 6. Nge2 Nc6 7. f3 Nb4 8. Bb1
c5 9. a3 cxd4 10. Nxd4 Nc6 11. Be3 Qb6 12. b4 a5 13. b5 Ne5 14. Qe2 Qc5 15. Bd3
Nxd3+ 16. Qxd3 Nd7 17. Nde2 Ne5 18. Qd4 Nxf3+ 0-1

[Event "Challenge"]
[Site "http://www.queenalice.com/game.php?id=834390"]
[Date "2010.9.18"]
[Round "-"]
[White "uracile"]
[Black "Bogs"]
[Result "1-0"]
[WhiteElo "2070"]
[BlackElo "1978"]

1. e4 e5 2. Nc3 Nf6 3. Nf3 Nc6 4. Bb5 Nd4 5. Bc4 Nxf3+ 6. Qxf3 Bc5 7. d3 O-O 8.
Qg3 d6 9. Na4 Bb4+ 10. Nc3 c6 11. O-O d5 12. exd5 cxd5 13. Bb3 d4 14. Ne4 Nxe4
15. dxe4 Bd6 16. Bg5 Be7 17. Bh6 Bf6 18. f4 Qd6 19. Rad1 Qc5 20. Rd3 Bd7 21. Bg5
Bxg5 22. Qxg5 Bb5 23. Rg3 g6 24. f5 Bc4 25. Qh6 d3+ 26. Kh1 Rfc8 27. fxg6 fxg6
28. Bxc4+ Qxc4 29. Rxg6+ hxg6 30. Qxg6+ Kh8 31. Rf5 Rc7 32. Rh5+ 1-0

[Event "Challenge"]
[Site "http://www.queenalice.com/game.php?id=834391"]
[Date "2010.9.18"]
[Round "-"]
[White "Bogs"]
[Black "plonius"]
[Result "0-1"]
[WhiteElo "1978"]
[BlackElo "2430"]

1. d4 Nf6 2. Bg5 Ne4 3. Bf4 c5 4. f3 Qa5+ 5. c3 Nf6 6. Nd2 cxd4 7. Nb3 Qb6 8.
cxd4 e6 9. a3 Nc6 10. e3 Nd5 11. Nh3 a5 12. Rb1 e5 13. dxe5 Nxf4 14. exf4 d6 15.
Nd2 Bxh3 16. gxh3 dxe5 17. Nc4 Qc5 18. Nxe5 Be7 19. Bd3 Nxe5 20. fxe5 Bh4+ 21.
Kd2 O-O 22. Qa4 Bg5+ 23. f4 Qf2+ 24. Kc3 Rfd8 25. Qe4 a4 26. Rhd1 Bxf4 27. b4
Rac8+ 28. Bc4 Bd2+ 29. Kb2 Rxc4 30. Qxc4 Bf4+ 31. Qc2 Bxe5+ 32. Kc1 Qe3+ 33. Rd2
Bf4 34. Rb2 Rxd2 35. Kb1 Rxc2 36. Rxc2 g6 0-1

[Event "AUTO-ADV-1907"]
[Site "http://www.queenalice.com/game.php?id=834399"]
[Date "2010.9.18"]
[Round "1"]
[White "Blutigeroo"]
[Black "Bogs"]
[Result "0-1"]
[WhiteElo "1891"]
[BlackElo "2000"]

1. e4 c5 2. Nf3 d6 3. g3 Nc6 4. Bg2 g6 5. O-O Bg7 6. c3 e5 7. d3 Nge7 8. Nh4 O-O
9. Nd2 Be6 10. b3 d5 11. f3 g5 12. Nf5 Nxf5 13. exf5 Bxf5 14. Qe2 Qa5 15. Bb2
Qa6 16. c4 Nb4 17. Rfd1 Bxd3 18. Qf2 Bc2 19. Rf1 Nd3 20. Qxc5 Nxc5 21. b4 Nd3
22. Bc3 d4 23. b5 Qb6 0-1

[Event "AUTO-ADV-1907"]
[Site "http://www.queenalice.com/game.php?id=834400"]
[Date "2010.9.18"]
[Round "1"]
[White "Bogs"]
[Black "Blutigeroo"]
[Result "1-0"]
[WhiteElo "2013"]
[BlackElo "1919"]

1. Nf3 g6 2. e4 Bg7 3. d4 d5 4. exd5 Qxd5 5. Nc3 Qd8 6. Bc4 Nf6 7. O-O O-O 8.
Re1 b6 9. Ne5 e6 10. Qf3 c6 11. Nxc6 Nxc6 12. Qxc6 Bd7 13. Qf3 Rc8 14. Ba6 Bc6
15. d5 Nxd5 16. Bxc8 Qxc8 17. Ne2 Re8 18. Qa3 Nb4 19. Qxb4 Qb7 20. Qg4 Rd8 21.
Bg5 f5 22. Qg3 Rd7 23. Nf4 h6 24. Bxh6 Bxh6 25. Qxg6+ Bg7 26. Rxe6 Rd8 27. Rxc6
Qe7 28. Ne6 Qd7 29. Rd6 Qxd6 30. Qxg7# 1-0

[Event "AUTO-ADV-1907"]
[Site "http://www.queenalice.com/game.php?id=834415"]
[Date "2010.9.18"]
[Round "1"]
[White "Bogs"]
[Black "Imhotebb"]
[Result "1-0"]
[WhiteElo "1960"]
[BlackElo "1803"]

1. c4 g5 2. d4 h6 3. f4 gxf4 4. Bxf4 Bg7 5. Nc3 c5 6. Nb5 Na6 7. Qd3 cxd4 8. Qg3
Bf6 9. Bc7 Bh4 10. Qxh4 Nxc7 11. Nxd4 Nf6 12. O-O-O 1-0

[Event "AUTO-ADV-1907"]
[Site "http://www.queenalice.com/game.php?id=834416"]
[Date "2010.9.18"]
[Round "1"]
[White "Imhotebb"]
[Black "Bogs"]
[Result "1-0"]
[WhiteElo "1736"]
[BlackElo "1904"]

1. e4 c5 2. c3 e6 3. d4 d5 4. Bb5+ Bd7 5. Bxd7+ Qxd7 6. exd5 Qxd5 7. Nf3 Nc6 8.
O-O O-O-O 9. Be3 Nh6 10. Na3 Ng4 11. Nc2 Bd6 12. dxc5 Nxe3 13. Nxe3 Qxd1 14.
Rfxd1 Bxc5 15. Rxd8+ Rxd8 16. Kf1 Kc7 17. Ke2 f6 18. Rd1 Rxd1 19. Nxd1 b5 20.
Ne3 Kd6 21. Kd3 f5 22. g3 g6 23. h3 e5 24. Ke2 e4 25. Nd2 Ke5 26. f4+ Kd6 27.
Nb3 Bxe3 28. Kxe3 Kd5 29. g4 Ne7 30. Nd4 Kc4 31. Ne6 1-0

[Event "AUTO-ADV-1907"]
[Site "http://www.queenalice.com/game.php?id=834417"]
[Date "2010.9.18"]
[Round "1"]
[White "Bogs"]
[Black "Ghiceda"]
[Result "0-1"]
[WhiteElo "2027"]
[BlackElo "1820"]

1. d4 e6 2. e4 d5 3. e5 c5 4. Nf3 cxd4 5. Nxd4 Nc6 6. Nf3 Bc5 7. c3 Qb6 8. Qc2
a5 9. Bd3 Nge7 10. O-O Ng6 11. Re1 O-O 12. b3 Qc7 13. c4 Nb4 14. Qd1 Nxd3 15.
Qxd3 dxc4 16. Qxc4 b5 17. Qxb5 Ba6 18. Qa4 Bb4 19. Bd2 Rfb8 20. Rc1 Qd8 21. Qc6
Rc8 22. Qe4 Rxc1+ 23. Bxc1 Qd1+ 24. Ne1 Qxe1+ 25. Qxe1 Bxe1 26. Na3 Bc3 0-1

[Event "AUTO-ADV-1907"]
[Site "http://www.queenalice.com/game.php?id=834418"]
[Date "2010.9.18"]
[Round "1"]
[White "Ghiceda"]
[Black "Bogs"]
[Result "1-0"]
[WhiteElo "1844"]
[BlackElo "2079"]

1. f4 f5 2. e4 fxe4 3. d3 exd3 4. Bxd3 Nf6 5. g4 d6 6. Qf3 Nxg4 7. Nc3 c6 8. Bd2
Nf6 9. O-O-O Be6 10. Nge2 Nbd7 11. h4 Qc7 12. Rdg1 O-O-O 13. h5 Nc5 14. Nd4 Bd7
15. Bf1 e6 16. b4 Na6 17. Bh3 Qb6 18. Nxe6 Bxe6 19. Bxe6+ Kb8 20. a3 Nc7 21. Bf5
Ncd5 22. Be6 Re8 23. Bxd5 Nxd5 24. Nxd5 cxd5 25. Qxd5 1-0

[Event "AUTO-MASTER-1229"]
[Site "http://www.queenalice.com/game.php?id=837442"]
[Date "2010.9.24"]
[Round "1"]
[White "ronaldots"]
[Black "Bogs"]
[Result "0-1"]
[WhiteElo "2156"]
[BlackElo "2001"]

1. Nf3 d5 2. d4 c5 3. c4 e6 4. e3 Nf6 5. Nc3 Nc6 6. dxc5 Bxc5 7. cxd5 exd5 8.
Be2 O-O 9. O-O a6 10. a3 d4 11. exd4 Nxd4 12. Nxd4 Bxd4 13. Qc2 Re8 14. Bd3 Qc7
15. Bd2 Ng4 16. Bxh7+ Kh8 17. g3 Qc5 18. Be1 Qh5 0-1

[Event "AUTO-MASTER-1229"]
[Site "http://www.queenalice.com/game.php?id=837443"]
[Date "2010.9.24"]
[Round "1"]
[White "Bogs"]
[Black "ronaldots"]
[Result "1-0"]
[WhiteElo "2045"]
[BlackElo "2114"]

1. e4 c5 2. Nf3 d6 3. d4 cxd4 4. Nxd4 Nf6 5. Nc3 g6 6. Be3 Bg7 7. f3 Nc6 8. Qd2
Bd7 9. O-O-O a6 10. g4 b5 11. h4 Qa5 12. Nb3 Qc7 13. h5 Nxg4 14. fxg4 Bxg4 15.
Nd5 Qb7 16. Be2 gxh5 17. Rdg1 Ne5 18. Bd4 f5 19. Na5 1-0

[Event "AUTO-MASTER-1229"]
[Site "http://www.queenalice.com/game.php?id=837458"]
[Date "2010.9.24"]
[Round "1"]
[White "Bogs"]
[Black "devagar"]
[Result "0-1"]
[WhiteElo "2036"]
[BlackElo "2033"]

1. e4 a6 2. d4 b5 3. Nf3 g6 4. c4 bxc4 5. Nc3 Bg7 6. Bxc4 e6 7. O-O Ne7 8. d5
O-O 9. Re1 Bb7 10. Qb3 Qc8 11. Bf4 exd5 12. exd5 Nf5 13. Bd3 Nd4 14. Nxd4 Bxd4
15. Rac1 d6 0-1

[Event "AUTO-MASTER-1229"]
[Site "http://www.queenalice.com/game.php?id=837459"]
[Date "2010.9.24"]
[Round "1"]
[White "devagar"]
[Black "Bogs"]
[Result "1-0"]
[WhiteElo "2015"]
[BlackElo "2054"]

1. e4 c5 2. Nf3 d6 3. d4 cxd4 4. Nxd4 Nf6 5. Bd3 e5 6. Ne2 Be7 7. O-O O-O 8.
Nbc3 Nbd7 9. f4 Qb6+ 10. Kh1 Nc5 11. f5 Bd7 12. b3 Bc6 13. Be3 Rad8 14. a3 Qc7
15. Bxc5 1-0

[Event "AUTO-MASTER-1229"]
[Site "http://www.queenalice.com/game.php?id=837460"]
[Date "2010.9.24"]
[Round "1"]
[White "Bogs"]
[Black "andrevillares"]
[Result "0-1"]
[WhiteElo "1994"]
[BlackElo "2065"]

1. d4 Nf6 2. c4 e6 3. Nc3 d5 4. Nf3 Be7 5. Bg5 O-O 6. e3 h6 7. Bh4 Nbd7 8. Rc1
b6 9. cxd5 exd5 10. Be2 Bb7 0-1

[Event "AUTO-MASTER-1229"]
[Site "http://www.queenalice.com/game.php?id=837461"]
[Date "2010.9.24"]
[Round "1"]
[White "andrevillares"]
[Black "Bogs"]
[Result "1-0"]
[WhiteElo "2051"]
[BlackElo "2008"]

1. d4 Nf6 2. c4 e6 3. Nf3 b6 4. a3 Ba6 5. Qc2 Bb7 6. Nc3 c5 7. Bg5 cxd4 8. Nxd4
Bc5 9. e3 h6 10. Bxf6 Qxf6 11. O-O-O 1-0

[Event "Challenge"]
[Site "http://www.queenalice.com/game.php?id=840229"]
[Date "2010.10.1"]
[Round "-"]
[White "plonius"]
[Black "Bogs"]
[Result "1-0"]
[WhiteElo "2432"]
[BlackElo "1974"]

1. e4 c5 2. Nc3 Nc6 3. Nf3 e5 4. Bc4 Be7 5. O-O Nf6 6. d3 d6 7. a3 O-O 8. Nd5
Nxd5 9. Bxd5 Bf6 10. Be3 Ne7 11. Bc4 b5 12. Bxb5 Qb6 13. Bc4 Bg4 14. b4 Rab8 15.
h3 Bd7 16. Qd2 Ng6 17. Rfe1 Nh4 18. Nxh4 Bxh4 19. Rab1 Be7 20. bxc5 Qxb1 21.
Rxb1 Rxb1+ 22. Kh2 dxc5 23. Qa5 Rb7 24. Bd5 Bd8 25. Qxc5 Rc7 26. Qd6 Ba4 27. c4
Re8 28. c5 Bb5 29. c6 h6 30. Bxa7 Rxa7 31. Qc5 Rae7 32. Qxb5 Bc7 33. a4 Rb8 34.
Qc5 Kf8 35. g3 Rd8 36. Bc4 Bd6 37. Qb5 Rb8 38. Qd5 Bc7 39. a5 Rd8 40. Qb5 Rb8
41. Qc5 Rd8 42. a6 Bd6 43. Qa5 Bc7 44. Qa3 Bd6 45. Qa4 Kg8 46. Kg2 Ra7 47. Qb5
Kh8 48. f4 exf4 49. e5 Bc7 50. Qc5 Bb8 51. gxf4 Rc7 52. d4 Kg8 53. d5 Rdc8 54.
Qb5 Ba7 55. d6 Rxc6 56. d7 Rg6+ 57. Kf3 Rd8 58. Qb7 Bc5 59. Qc8 1-0

[Event "Challenge"]
[Site "http://www.queenalice.com/game.php?id=840249"]
[Date "2010.10.1"]
[Round "-"]
[White "Bogs"]
[Black "MisterTibs"]
[Result "0-1"]
[WhiteElo "2016"]
[BlackElo "2321"]

1. e4 e6 2. d4 d5 3. Nd2 c5 4. exd5 Qxd5 5. Ngf3 cxd4 6. Bc4 Qc5 7. O-O Nf6 8.
Qe2 Bd6 9. Nb3 Qc7 10. Nbxd4 a6 11. Nf5 Bf4 12. Rd1 O-O 13. Bxf4 Qxf4 14. Nd6
Nc6 15. Rd2 Rd8 16. Rad1 b5 17. Bb3 Ra7 18. c4 Rad7 19. cxb5 axb5 20. Nxc8 Rxd2
21. Rxd2 Rxc8 22. Qxb5 Ne7 23. a4 Rc1+ 24. Bd1 h6 25. a5 Nc6 26. a6 Ne4 27. Rd7
Nf6 28. Rd3 Nd5 29. h3 Kh7 0-1

[Event "Challenge"]
[Site "http://www.queenalice.com/game.php?id=840593"]
[Date "2010.10.1"]
[Round "-"]
[White "Bogs"]
[Black "uracile"]
[Result "0-1"]
[WhiteElo "1942"]
[BlackElo "2146"]

1. e4 e5 2. f4 exf4 3. Nf3 Be7 4. Nc3 Bh4+ 5. Ke2 Be7 6. d3 Nf6 7. Bxf4 O-O 8.
e5 Nh5 9. Be3 d5 10. Kd2 c5 11. d4 Nc6 12. Kc1 cxd4 13. Bxd4 Bg4 14. Kb1 Nf4 15.
h3 Bxf3 16. Qxf3 Bg5 0-1

[Event "Challenge"]
[Site "http://www.queenalice.com/game.php?id=840598"]
[Date "2010.10.1"]
[Round "-"]
[White "Bogs"]
[Black "hendrik"]
[Result "0-1"]
[WhiteElo "2000"]
[BlackElo "2433"]

1. e4 e5 2. Nf3 Nf6 3. Nxe5 Nc6 4. Nxc6 dxc6 5. e5 Nd5 6. Be2 Nf4 7. Bf3 Qd4 8.
O-O Be6 9. d3 Ng6 10. c3 Qxe5 11. d4 Qf6 12. Qa4 Bd6 13. Nd2 Qh4 14. g3 Qg5 15.
Ne4 Qf5 16. Nxd6+ cxd6 17. Bg2 a5 18. Qa3 Kd7 19. Re1 Bd5 20. Bxd5 Qxd5 21. b3
Rhe8 22. Be3 f5 23. c4 Qf3 24. d5 f4 25. dxc6+ bxc6 26. Bb6 Rxe1+ 27. Rxe1 Ne5
28. Bd4 Nd3 29. Rf1 h5 30. Bxg7 h4 31. Be5 dxe5 0-1

[Event "Challenge"]
[Site "http://www.queenalice.com/game.php?id=840600"]
[Date "2010.10.1"]
[Round "-"]
[White "Bogs"]
[Black "zdzicho"]
[Result "0-1"]
[WhiteElo "2020"]
[BlackElo "2311"]

1. e4 e6 2. d4 d5 3. Nc3 Bb4 4. e5 c5 5. a3 Bxc3+ 6. bxc3 Qc7 7. Nf3 Ne7 8. a4
b6 9. Bb5+ Bd7 10. O-O O-O 11. Re1 Nbc6 12. Ba3 cxd4 13. cxd4 Rfe8 14. c4 a6 15.
cxd5 Nxd5 16. Bd6 Qb7 17. Bd3 h6 18. Qb3 Na5 19. Qa3 Rec8 20. Rec1 Rxc1+ 21.
Rxc1 Rc8 22. Rxc8+ Qxc8 23. Bb4 Nc6 24. Bd2 a5 25. Be2 Ncb4 26. Bd1 Qc4 27. Bb3
Qd3 28. Qb2 b5 29. Ne1 Qe2 30. Qc1 bxa4 31. Bd1 Qb5 32. Qa3 Qc4 0-1

[Event "Challenge"]
[Site "http://www.queenalice.com/game.php?id=841049"]
[Date "2010.10.2"]
[Round "-"]
[White "Bogs"]
[Black "hendrik"]
[Result "0-1"]
[WhiteElo "2012"]
[BlackElo "2432"]

1. d4 Nf6 2. c4 e6 3. Nf3 b6 4. g3 Ba6 5. b3 Bb4+ 6. Bd2 Be7 7. Bg2 d5 8. cxd5
exd5 9. O-O O-O 10. Nc3 Bb7 11. Bc1 Nbd7 12. Bb2 Re8 13. Rc1 Bf8 14. Bh3 c6 15.
Bf5 Bd6 16. e3 Bc8 17. Qc2 Nf8 18. a3 Ng6 19. Rfd1 Ne7 20. Bd3 Bg4 21. Be2 Ng6
22. Ng5 h6 23. Bxg4 Nxg4 24. Nf3 Qf6 25. Qe2 Qf5 26. b4 b5 27. Nb1 Ne7 28. Bc3
Qg6 29. Re1 Nf5 30. Bb2 Bc7 31. Qc2 Re6 32. Nbd2 Qh5 0-1